000 00344nam a22001457a 4500
008 230703b ||||| |||| 00| 0 eng d
020 _a9780321838711
041 _aeng
080 _2SECOND EDITION
_a311
082 _a311SHA
100 _a23
101 _aSTAT
245 _aBUSINESS STATISTICS A FIRST COURSE
_cSHARPE.R.N
942 _2udc
_cBK
999 _c60073
_d60073